Statistiques concernant Stations de la ligne 7 du métro parisien sur le plan

Cliquez ici pour prendre le quiz!

Statistiques générales

  • Ce quiz a été pris 114 fois
  • Le résultat moyen est 24 sur 38

Réponses sur la Carte

Les réponses sont colorées sur une échelle allant du rouge au vert en fonction du pourcentage des utilisateurs qui les ont devinées à leur premier essai. Vous pouvez retrouver ces pourcentages ci-dessous.
 

Statistiques - réponses

Réponse% Correct
Châtelet
92%
Opéra
87%
Gare de l'Est
82%
Place d'Italie
82%
Jussieu
80%
Mairie d'Ivry
80%
Stalingrad
79%
Pyramides
77%
Les Gobelins
76%
Maison Blanche
75%
Tolbiac
72%
Pont Marie
70%
Villejuif – Louis Aragon
70%
Le Kremlin Bicêtre
68%
Palais Royal - Musée du Louvre
68%
Place Monge
68%
Poissonnière
66%
Pont Neuf
65%
Porte d'Italie
65%
La Courneuve 8 Mai 1945
63%
Sully – Morland
63%
Chaussée d'Antin – La Fayette
62%
Porte d'Ivry
62%
Porte de la Villette
61%
Crimée
56%
Villejuif – Paul Vaillant-Couturier
56%
Louis Blanc
55%
Cadet
54%
Censier – Daubenton
54%
Villejuif – Léo Lagrange
54%
Pierre et Marie Curie
52%
Porte de Choisy
52%
Corentin Cariou
48%
Riquet
46%
Le Peletier
45%
Château-Landon
42%
Fort d'Aubervilliers
42%
Aubervilliers – Pantin - Quatre Chemins
35%

Distribution des résultats

Percentile par nombre de réponses

% des personnes avec chaque résultat

Votre développement - résultats

Vous n’avez pas pris ce quiz